Hodnotenie efektívnosti horizontálnych koncentrácií dizertačná práca
Gespeichert in:
| 1. Verfasser: | |
|---|---|
| Körperschaft: | |
| Weitere Verfasser: | |
| Format: | Buch |
| Sprache: | Slowakisch |
| Veröffentlicht: |
Bratislava
2019
|
| Schlagworte: | |
| Tags: |
Keine Tags, Fügen Sie das erste Tag hinzu!
|
MARC
| LEADER | 00000nbm a2200000 4500 | ||
|---|---|---|---|
| 001 | 0257162 | ||
| 005 | 20230302102616.5 | ||
| 041 | 0 | |a slo | |
| 044 | |a SK | ||
| 245 | 1 | 0 | |a Hodnotenie efektívnosti horizontálnych koncentrácií |b dizertačná práca |c Richard Kališ ; školiteľ: Mikuláš Luptáčik |
| 264 | 1 | |a Bratislava |c 2019 | |
| 300 | |a 103 s. | ||
| 610 | 2 | 0 | |a odvetvia činnosti ekonomickej |
| 610 | 2 | 0 | |a reštrukturalizácia |
| 610 | 2 | 0 | |a fúzie |
| 610 | 2 | 0 | |a koncentrácia |
| 610 | 2 | 0 | |a efektívnosť |
| 610 | 2 | 0 | |a úspory |
| 610 | 2 | 0 | |a modely |
| 100 | 1 | |a Kališ, Richard, 1991- | |
| 700 | 1 | |a Luptáčik, Mikuláš | |
| 710 | 2 | |a Národohospodárska fakulta EU. Katedra hospodárskej politiky | |